| 000 | 00640nam a2200241 a 4500 | ||
|---|---|---|---|
| 005 | 20180803165131.0 | ||
| 008 | 151107b ck ||||| |||| 00| 0 spa d | ||
| 040 |
_aCO-BoIAVH _cCO-BoIAVH |
||
| 041 | _aspa | ||
| 090 |
_aRF _b00029 |
||
| 110 | 1 | _bInstituto Geográfico Agustín Codazzi | |
| 245 | _aAtlas de Colombia | ||
| 250 | _a5 ed. | ||
| 260 |
_aBogotá: _bIGAC, _c2003. |
||
| 300 |
_a342 páginas, _c55 centímetros |
||
| 650 | _aCartografía | ||
| 650 | _aMapas | ||
| 650 | _aAtlas | ||
| 650 | _aGeografía | ||
| 662 | _aColombia | ||
| 942 |
_cReferencia _03 _2z |
||
| 945 | _d2004-06-07 | ||
| 999 |
_c3909 _d3909 |
||